Dôležité etapy vývoja verejných financií Slovenskej republiky po vstupe do EMU
Regulácia a vývoj verejných financií od vstupu Slovenska do EMU a zánik samostatnej menovej politiky NBS. Fiškálna politika a jej opatrenia, ktorej cieľom je vyhnúť sa hospodárskej recesii, rastu miery nezamestnanosti a snahy obnoviť ekonomický rast.
Saved in:
| Main Author: | |
|---|---|
| Format: | Book Chapter |
| Language: | Slovak |
| Subjects: | |
| Tags: |
No Tags, Be the first to tag this record!
|
MARC
| LEADER | 00000nla a2200000 4500 | ||
|---|---|---|---|
| 001 | 0151215 | ||
| 005 | 20221104125859.2 | ||
| 041 | 0 | |a slo | |
| 044 | |a CZ | ||
| 245 | 1 | 0 | |a Dôležité etapy vývoja verejných financií Slovenskej republiky po vstupe do EMU |c Zuzana Stoličná |
| 520 | |a Regulácia a vývoj verejných financií od vstupu Slovenska do EMU a zánik samostatnej menovej politiky NBS. Fiškálna politika a jej opatrenia, ktorej cieľom je vyhnúť sa hospodárskej recesii, rastu miery nezamestnanosti a snahy obnoviť ekonomický rast. | ||
| 610 | 2 | 0 | |a politika verejná |
| 610 | 2 | 0 | |a politika fiškálna |
| 610 | 2 | 0 | |a príjmy rozpočtu štátneho |
| 610 | 2 | 0 | |a financie verejné |
| 610 | 2 | 0 | |a výdavky verejné |
| 610 | 2 | 0 | |a regulácia |
| 100 | 1 | |a Stoličná, Zuzana | |